| 000 | 00763 a2200277 4500 | ||
|---|---|---|---|
| 001 | 106181 | ||
| 020 | _a9781574719680 (pbk.) | ||
| 041 | _aeng | ||
| 082 | _a999999 | ||
| 100 | _aWilliams, Rozanne Lanczak. | ||
| 250 | _a. ed. | ||
| 300 | _a16 p. | ||
| 490 | _aWilliams, Rozanne Lanczak. Sight word readers | ||
| 697 | _aBugs | ||
| 697 | _aBugs - Fiction. | ||
| 697 | _aReading materials. | ||
| 697 | _aReaders. | ||
| 697 | _aReaders (Primary) | ||
| 830 | _aWilliams, Rozanne Lanczak. Sight word readers | ||
| 856 | _u000003/0000039e.jpg | ||
| 040 |
_aBR-BrIDEA _cBR-BrIDEA |
||
| 090 |
_aAP SK [E] _bWIL |
||
| 245 | 1 | 0 |
_aBugs in your backyard _c Rozanne Lanczak Williams |
| 260 |
_aUnited States _bCreative Teaching Press _c2003 |
||
| 942 | _cBK | ||
| 999 |
_c106181 _d106181 |
||